[Event "24th Dubai Open A 2024"]
[Site "Dubai UAE"]
[Date "2024.05.25"]
[Round "1.1"]
[White "Sibashvili, Giorgi"]
[Black "Radjabov, Teimour"]
[Result "1/2-1/2"]
[WhiteTitle "IM"]
[BlackTitle "GM"]
[WhiteElo "2423"]
[BlackElo "2723"]
[WhiteFideId "13602799"]
[BlackFideId "13400924"]
[EventDate "2024.05.25"]

1. c4 e6 2. g3 d5 3. Bg2 Nf6 4. Nf3 Be7 5. O-O O-O 6. b3 d4 7. e3 c5 8. Ne5 Qc7
9. f4 Nfd7 10. exd4 cxd4 11. Nd3 Nc6 12. Ba3 Re8 13. Bxe7 Nxe7 14. Na3 a6 15. c5
Nd5 16. Rc1 N7f6 17. Nc2 Rd8 18. Qe2 Ne7 19. Qe5 Qa5 20. c6 Nfd5 21. Nxd4 Nxc6
22. Nxc6 bxc6 23. Qb2 Qb6+ 24. Kh1 a5 25. Ne5 Bb7 26. f5 exf5 27. Rf2 f6 28.
Rxf5 Qc7 29. Nc4 Rab8 30. a3 Qd7 31. Ne3 Ba8 32. Qc2 Qe7 33. Qd3 1/2-1/2

[Event "24th Dubai Open A 2024"]
[Site "Dubai UAE"]
[Date "2024.05.25"]
[Round "1.2"]
[White "Sadhwani, Raunak"]
[Black "Manon, Reja Neer"]
[Result "1-0"]
[WhiteTitle "GM"]
[BlackTitle "FM"]
[WhiteElo "2654"]
[BlackElo "2423"]
[WhiteFideId "35093487"]
[BlackFideId "10224009"]
[EventDate "2024.05.25"]

1. e4 c6 2. d4 d5 3. e5 Bf5 4. Nf3 e6 5. Be2 Nd7 6. O-O Ne7 7. a4 h6 8. a5 a6 9.
b4 g5 10. c3 Qc7 11. Nbd2 Bg7 12. Re1 f6 13. exf6 Bxf6 14. Nf1 g4 15. N3d2 h5
16. Nb3 O-O-O 17. Ne3 e5 18. Ba3 Bg6 19. b5 axb5 20. Nc5 Bf7 21. dxe5 Bxe5 22.
a6 Nxc5 23. a7 Kd7 24. Bxc5 Bxh2+ 25. Kf1 Be6 26. Nxg4 hxg4 27. Bxg4 Be5 28.
Bxe6+ Kxe6 29. f4 Nf5 30. a8=Q Rxa8 31. Rxa8 Ng3+ 32. Kf2 Ne4+ 33. Rxe4 dxe4 34.
Qb3+ Kf5 35. g4+ Kxg4 36. Qe6+ Kh5 37. Qf5+ Kh6 38. Qg5+ 1-0

[Event "24th Dubai Open A 2024"]
[Site "Dubai UAE"]
[Date "2024.05.25"]
[Round "1.3"]
[White "Injac, Teodora"]
[Black "Mendonca, Leon Luke"]
[Result "1/2-1/2"]
[WhiteTitle "IM"]
[BlackTitle "GM"]
[WhiteElo "2422"]
[BlackElo "2640"]
[WhiteFideId "932400"]
[BlackFideId "35028561"]
[EventDate "2024.05.25"]

1. Nf3 d5 2. g3 Nf6 3. Bg2 c5 4. O-O e6 5. c4 d4 6. e3 Nc6 7. d3 Bd6 8. exd4
cxd4 9. Bg5 h6 10. Bxf6 Qxf6 11. Nbd2 Qe7 12. a3 a5 13. Ne4 Bc7 14. b4 axb4 15.
axb4 Rxa1 16. Qxa1 f5 17. Nc5 O-O 18. Rb1 Nxb4 19. Rxb4 Qxc5 20. Rb5 Qd6 21.
Qxd4 Qxd4 22. Nxd4 b6 23. Nc6 Kf7 24. Rb3 Kf6 25. Na7 Rd8 26. Nxc8 Rxc8 27. Kf1
g5 28. Ke2 Rd8 29. h3 h5 30. Rb1 h4 31. gxh4 gxh4 32. Bc6 Rd6 33. Bf3 Rd7 34.
Bc6 Rd8 35. Bf3 Ke7 36. Rb4 Kf7 37. Bc6 Rd6 38. Bf3 Bd8 39. Ra4 Rd7 40. Ra8 Kf6
41. Rb8 Ke5 42. Bc6 Rd6 43. Bf3 Kd4 44. Rc8 Ke5 45. Rb8 Bf6 46. Rc8 Rd7 47. Rb8
Bd8 48. Rc8 Be7 49. Bc6 Ra7 50. Ra8 Rc7 51. Bf3 Bc5 52. Rh8 Ra7 53. Ra8 Rg7 54.
Re8 Kf4 55. Rh8 Ra7 56. Ra8 Rg7 57. Rh8 Rg1 58. Rxh4+ Ke5 59. Bb7 Ra1 60. f4+
Kd6 61. Rh6 Ra2+ 62. Ke1 Ra1+ 63. Ke2 Ra2+ 64. Ke1 Ra1+ 65. Ke2 Ra2+ 1/2-1/2

[Event "24th Dubai Open A 2024"]
[Site "Dubai UAE"]
[Date "2024.05.25"]
[Round "1.4"]
[White "Indjic, Aleksandar"]
[Black "Celik, Hasan Huseyin"]
[Result "1/2-1/2"]
[WhiteTitle "GM"]
[BlackTitle "IM"]
[WhiteElo "2603"]
[BlackElo "2421"]
[WhiteFideId "911925"]
[BlackFideId "44506759"]
[EventDate "2024.05.25"]

1. d4 d5 2. c4 c6 3. Nf3 Nf6 4. Nc3 e6 5. Bg5 h6 6. Bxf6 Qxf6 7. Qb3 Qe7 8. a3
g6 9. e4 Bg7 10. Qb4 c5 11. dxc5 Nc6 12. Qb3 O-O 13. Be2 Bxc3+ 14. Qxc3 dxe4 15.
Nd2 f5 16. b4 e5 17. O-O Nd4 18. Rfe1 a5 19. Bf1 Qg5 20. Kh1 Be6 21. Nb3 axb4
22. axb4 Nxb3 23. Qxb3 Qd2 24. Kg1 Rxa1 25. Rxa1 Rd8 26. Qg3 Bf7 27. Qxe5 Qxb4
28. h4 Re8 29. Qd4 Rc8 30. c6 bxc6 31. Ra7 Qf8 32. h5 Rd8 33. Qf6 Rd1 34. Qxc6
Qd6 35. Qxd6 Rxd6 36. hxg6 Rxg6 37. Ra5 f4 38. Rf5 f3 39. Re5 fxg2 40. Be2 Kg7
41. Rxe4 Rg5 42. Re3 Kf6 43. Rf3+ Ke7 44. Rg3 Rxg3 45. fxg3 Kd6 46. Kxg2 Kc5 47.
Kh3 Bxc4 48. Bxc4 Kxc4 49. Kg4 Kd4 50. Kf4 Kd3 51. g4 Ke2 52. g5 hxg5+ 53. Kxg5 1/2-1/2

[Event "24th Dubai Open A 2024"]
[Site "Dubai UAE"]
[Date "2024.05.25"]
[Round "1.5"]
[White "Wang, Yanbin"]
[Black "Vakhidov, Jakhongir"]
[Result "1-0"]
[BlackTitle "GM"]
[WhiteElo "2415"]
[BlackElo "2599"]
[WhiteFideId "8617996"]
[BlackFideId "14201801"]
[EventDate "2024.05.25"]

1. d4 Nf6 2. c4 g6 3. Nc3 d5 4. cxd5 Nxd5 5. e4 Nxc3 6. bxc3 Bg7 7. Bc4 c5 8.
Ne2 O-O 9. Be3 Nc6 10. O-O b6 11. dxc5 Qc7 12. Nd4 Ne5 13. Nb5 Qb8 14. Bd5 Ng4
15. g3 Nxe3 16. fxe3 a6 17. Nd4 bxc5 18. Rb1 Qc7 19. Bxa8 cxd4 20. cxd4 Bh3 21.
Bd5 Bxf1 22. Qxf1 Bh6 23. Rb3 Qc2 24. Rd3 Qc8 25. e5 Kg7 26. Qe1 Qf5 27. Rc3 e6
28. e4 Qg5 29. Bb3 Kh8 30. Kg2 Bg7 31. Rc6 Qd8 32. Qc3 a5 33. Ra6 f6 34. Rxe6
fxe5 35. d5 Qd7 36. Qc2 Qb5 37. Qc4 Qd7 38. Qe2 Qa7 39. d6 Qd7 40. Qd3 Bf6 41.
Qc4 Bg7 42. Qd3 Bf6 43. Qd5 Kg7 44. Qxa5 h5 45. Qc7 Rf7 46. Rxf6 Kxf6 47. Bxf7 1-0

[Event "24th Dubai Open A 2024"]
[Site "Dubai UAE"]
[Date "2024.05.25"]
[Round "1.6"]
[White "Ivic, Velimir"]
[Black "Beydullayeva, Govhar"]
[Result "1-0"]
[WhiteTitle "GM"]
[BlackTitle "WGM"]
[WhiteElo "2595"]
[BlackElo "2411"]
[WhiteFideId "950122"]
[BlackFideId "13413015"]
[EventDate "2024.05.25"]

1. e4 e5 2. Nf3 Nc6 3. Bb5 a6 4. Ba4 Nf6 5. O-O Be7 6. d3 b5 7. Bb3 d6 8. c3 O-O
9. Bc2 d5 10. Nbd2 h6 11. Re1 Bg4 12. h3 Bh5 13. Qe2 Re8 14. Nf1 Bg6 15. Ng3 Nh5
16. Nxh5 Bxh5 17. a4 d4 18. g4 Bg6 19. Bb3 Na5 20. Bc2 f6 21. cxd4 exd4 22. axb5
axb5 23. Bd2 c5 24. Bxa5 Rxa5 25. Bb3+ c4 26. Rxa5 Qxa5 27. dxc4 Bb4 28. cxb5+
Kh7 29. Rd1 Bxe4 30. Bc2 f5 31. gxf5 Qa8 32. Ng5+ 1-0

[Event "24th Dubai Open A 2024"]
[Site "Dubai UAE"]
[Date "2024.05.25"]
[Round "1.7"]
[White "Stella, Andrea"]
[Black "Jumabayev, Rinat"]
[Result "1/2-1/2"]
[WhiteTitle "GM"]
[BlackTitle "GM"]
[WhiteElo "2397"]
[BlackElo "2595"]
[WhiteFideId "827061"]
[BlackFideId "13702661"]
[EventDate "2024.05.25"]

1. d4 Nf6 2. c4 g6 3. g3 c5 4. Nf3 Qa5+ 5. Nc3 Bg7 6. Bg2 cxd4 7. Nxd4 Nc6 8.
Nb3 Qb4 9. c5 Ne4 10. Bxe4 Bxc3+ 11. bxc3 Qxe4 12. O-O b6 13. cxb6 axb6 14. Be3
Bb7 15. Nd2 Qe6 16. Qb3 b5 17. Qxe6 fxe6 18. Rfb1 Ba6 19. a4 bxa4 20. Rxa4 O-O
21. Rba1 Bb7 22. Rxa8 Bxa8 23. Nc4 Bb7 24. f3 d6 25. Kf2 Kg7 26. Rb1 Ba8 27. Rb2
Kf7 28. g4 e5 29. Kg3 Ke6 30. Nd2 Nb8 31. Ra2 Bc6 32. c4 Rc8 33. Ra7 Nd7 34. Bg5
Rb8 35. Rc7 Ba8 36. e4 Rh8 37. Ra7 Bc6 38. Rc7 Ba8 39. Ra7 Bc6 1/2-1/2

[Event "24th Dubai Open A 2024"]
[Site "Dubai UAE"]
[Date "2024.05.25"]
[Round "1.8"]
[White "Safarli, Eltaj"]
[Black "Grivas, Efstratios"]
[Result "1-0"]
[WhiteTitle "GM"]
[BlackTitle "GM"]
[WhiteElo "2594"]
[BlackElo "2396"]
[WhiteFideId "13402129"]
[BlackFideId "4200039"]
[EventDate "2024.05.25"]

1. e4 c5 2. Nf3 Nc6 3. Bb5 d6 4. O-O Bd7 5. Re1 Nf6 6. c3 a6 7. Bf1 Bg4 8. h3
Bxf3 9. Qxf3 g6 10. d3 Bg7 11. Be3 O-O 12. Nd2 Nd7 13. Qd1 b5 14. Nf3 e5 15. a4
b4 16. g3 Rb8 17. h4 Nf6 18. Nd2 Na5 19. d4 bxc3 20. bxc3 cxd4 21. cxd4 exd4 22.
Bxd4 Nc6 23. Bc3 Nb4 24. Rb1 a5 25. Bb5 Na2 26. Bd4 Nd7 27. Bxg7 Kxg7 28. Bxd7
Qxd7 29. Rxb8 Rxb8 30. Qa1+ 1-0

[Event "24th Dubai Open A 2024"]
[Site "Dubai UAE"]
[Date "2024.05.25"]
[Round "1.9"]
[White "Poormosavi, Seyed Kian"]
[Black "Sethuraman, S.P."]
[Result "0-1"]
[WhiteTitle "IM"]
[BlackTitle "GM"]
[WhiteElo "2388"]
[BlackElo "2588"]
[WhiteFideId "12585807"]
[BlackFideId "5021596"]
[EventDate "2024.05.25"]

1. d4 Nf6 2. Nc3 d5 3. Bf4 a6 4. e3 e6 5. Nf3 c5 6. dxc5 Bxc5 7. Bd3 Nbd7 8. O-O
b5 9. Ne5 Bb7 10. Qe2 O-O 11. a3 Nxe5 12. Bxe5 Nd7 13. Bd4 e5 14. Bxc5 Nxc5 15.
Qh5 e4 16. Be2 f5 17. Rad1 Ne6 18. f4 Qb6 19. Qh3 Rad8 20. Rd2 b4 21. axb4 Qxb4
22. Rfd1 d4 23. Na2 Qc5 24. b4 Qc7 25. exd4 Nxf4 26. Qe3 Nxg2 27. Qb3+ Kh8 28.
d5 Nf4 29. c4 Qb6+ 30. Kh1 e3 31. Rc2 Nxe2 32. Rxe2 f4 33. Nc1 Bc8 34. Qc3 Qh6
35. Rg1 Bf5 36. Qd4 Rde8 0-1

[Event "24th Dubai Open A 2024"]
[Site "Dubai UAE"]
[Date "2024.05.25"]
[Round "1.10"]
[White "Moroni, Luca Jr"]
[Black "Buksa, Nataliya"]
[Result "1/2-1/2"]
[WhiteTitle "GM"]
[BlackTitle "IM"]
[WhiteElo "2580"]
[BlackElo "2383"]
[WhiteFideId "865834"]
[BlackFideId "14123622"]
[EventDate "2024.05.25"]

1. c4 e6 2. Nc3 d5 3. d4 Nf6 4. cxd5 exd5 5. Bg5 Be7 6. e3 O-O 7. Bd3 Re8 8.
Nge2 c6 9. O-O Nbd7 10. Qc2 a5 11. a4 Nf8 12. Rae1 Ng6 13. Ng3 Ng4 14. Bxe7 Qxe7
15. h3 Nf6 16. f4 Qc7 17. Qf2 Bd7 18. f5 Ne7 19. e4 dxe4 20. Ncxe4 Ned5 21. Bc4
Qb6 22. Kh1 Kf8 23. b3 Rad8 24. Re2 Bc8 25. Rfe1 h6 26. Bxd5 cxd5 27. Nxf6 Qxf6
28. Nh5 Qg5 29. g4 Bd7 30. Re5 f6 31. Rxe8+ Rxe8 32. Rxe8+ Kxe8 33. Kh2 Qc1 34.
Nxg7+ Kf7 35. Nh5 Qc3 36. Qf4 Qe1 37. Ng3 Qc3 38. h4 b5 39. Qxh6 Qxd4 40. Qg6+
Ke7 41. h5 bxa4 42. bxa4 Bxa4 43. h6 Bd1 44. Kh3 Bf3 45. Nh5 Bg2+ 46. Kxg2 Qe4+
47. Kf2 Qd4+ 48. Kf1 Qd1+ 49. Kg2 Qe2+ 50. Kh3 Qf1+ 51. Kg3 Qg1+ 52. Kf3 Qf1+
53. Ke3 Qe1+ 54. Kf3 Qf1+ 55. Kg3 Qg1+ 56. Kh3 Qh1+ 57. Kg3 Qg1+ 1/2-1/2

[Event "24th Dubai Open A 2024"]
[Site "Dubai UAE"]
[Date "2024.05.25"]
[Round "1.11"]
[White "Lee, Junhyeok"]
[Black "Sanal, Vahap"]
[Result "0-1"]
[WhiteTitle "IM"]
[BlackTitle "GM"]
[WhiteElo "2381"]
[BlackElo "2566"]
[WhiteFideId "13202340"]
[BlackFideId "6300545"]
[EventDate "2024.05.25"]

1. d4 Nf6 2. c4 e6 3. Nf3 b6 4. a3 Bb7 5. Nc3 Ne4 6. Nxe4 Bxe4 7. e3 g6 8. Bd3
Bxd3 9. Qxd3 Bg7 10. e4 d6 11. Bg5 Qd7 12. O-O-O h6 13. Be3 Nc6 14. d5 Ne7 15.
dxe6 fxe6 16. e5 d5 17. Nh4 O-O-O 18. Nxg6 Nxg6 19. Qxg6 Bxe5 20. f4 Bd6 21. Qc2
Rhe8 22. Rhe1 Qf7 23. g3 c5 24. Kb1 Bc7 25. Bc1 d4 26. Qe4 Qf5 27. g4 Qxg4 28.
Qa8+ Kd7 29. Qxa7 Qf5+ 30. Ka1 Qc2 31. f5 Kc6 32. Qa6 exf5 33. Rxe8 Qxd1 34.
Rxd8 Qxc1+ 35. Ka2 Bxd8 36. Qc8+ Bc7 37. Qa8+ Kd7 38. Qd5+ Ke7 39. h4 Qf4 0-1

[Event "24th Dubai Open A 2024"]
[Site "Dubai UAE"]
[Date "2024.05.25"]
[Round "1.12"]
[White "Li, Di"]
[Black "Ahmad, Al Khatib"]
[Result "1-0"]
[WhiteTitle "GM"]
[BlackTitle "GM"]
[WhiteElo "2563"]
[BlackElo "2380"]
[WhiteFideId "8607508"]
[BlackFideId "8103178"]
[EventDate "2024.05.25"]

1. Nf3 d5 2. g3 c6 3. Bg2 Bg4 4. O-O Nd7 5. h3 Bh5 6. d4 e6 7. c4 Bxf3 8. Bxf3
f5 9. Qb3 Qb6 10. Qe3 Kf7 11. g4 Ngf6 12. gxf5 e5 13. cxd5 cxd5 14. dxe5 Qxe3
15. Bxe3 Nxe5 16. Bg2 Nc4 17. Bd4 Nd6 18. Nc3 Nxf5 19. Bxf6 Kxf6 20. Nxd5+ Kg5
21. Rad1 Bd6 22. Nc3 Rhd8 23. Rd5 Be7 24. Rb5 a6 25. Rxb7 Rab8 26. Rc1 Rxb7 27.
Bxb7 a5 28. e3 Kh4 29. Be4 Nd6 30. Bg2 Bf6 31. Nd5 Bxb2 32. Rc5 a4 33. Nf4 g5
34. Bf3 Ne4 35. Kh2 1-0

[Event "24th Dubai Open A 2024"]
[Site "Dubai UAE"]
[Date "2024.05.25"]
[Round "1.13"]
[White "Balajayeva, Khanim"]
[Black "Muradli, Mahammad"]
[Result "1/2-1/2"]
[WhiteTitle "IM"]
[BlackTitle "GM"]
[WhiteElo "2376"]
[BlackElo "2560"]
[WhiteFideId "13406396"]
[BlackFideId "13409301"]
[EventDate "2024.05.25"]

1. e4 c5 2. Nf3 d6 3. Bb5+ Nd7 4. a4 Nf6 5. Nc3 a6 6. Be2 g6 7. O-O Bg7 8. a5
O-O 9. d3 b5 10. axb6 Nxb6 11. Be3 Bb7 12. Qd2 Re8 13. Bh6 Bh8 14. Ng5 a5 15. f4
a4 16. f5 Bc6 17. h4 Nbd7 18. h5 Ne5 19. hxg6 hxg6 20. Nf3 Nfg4 21. Nxe5 Nxe5
22. Nd1 e6 23. fxg6 fxg6 24. c3 Bg7 25. Nf2 Nf7 26. Bxg7 Kxg7 27. Ng4 Qh4 28.
Qf4 Rf8 29. Qf6+ Qxf6 30. Rxf6 Rfb8 31. Ra2 Rb7 32. Bd1 c4 33. dxc4 Bxe4 34. Rf2
Rab8 35. Rxa4 Rxb2 36. c5 Bf5 37. cxd6 Nxd6 38. Ra7+ Kf8 39. Nf6 R8b7 40. Rxb7
Rxb7 41. g4 Rb1 42. Rd2 Ne4 43. Nxe4 Bxe4 44. Kf2 Rc1 45. Ke3 Bd5 46. Kd4 Ke7
47. Be2 Kf6 48. c4 Ba8 49. Ra2 Bh1 50. Ra5 g5 51. Ra6 Rg1 52. Rb6 Rg3 53. Rb1
Ba8 54. Rf1+ Ke7 55. Ra1 Bc6 56. Kc5 Be4 57. Kd4 Bg6 58. c5 Be8 59. Ra7+ Kf6 60.
Ra6 Rg2 61. Bf3 Rc2 62. c6 Rc1 63. Be4 Bf7 64. Ra3 e5+ 65. Ke3 Be6 66. Bf3 Rc4
67. Ra8 Ke7 68. Ra7+ Kd6 69. Rg7 Bxg4 1/2-1/2

[Event "24th Dubai Open A 2024"]
[Site "Dubai UAE"]
[Date "2024.05.25"]
[Round "1.14"]
[White "Erdogmus, Yagiz Kaan"]
[Black "Xie, Kaifan"]
[Result "1-0"]
[WhiteTitle "IM"]
[BlackTitle "CM"]
[WhiteElo "2553"]
[BlackElo "2376"]
[WhiteFideId "44599790"]
[BlackFideId "8619107"]
[EventDate "2024.05.25"]

1. e4 c6 2. d4 d5 3. e5 Bf5 4. h4 h5 5. c4 e6 6. Nc3 dxc4 7. Bxc4 Nd7 8. Bb3 Be7
9. Bc2 Bxc2 10. Qxc2 Bxh4 11. Nf3 Be7 12. Ne4 Qc7 13. Bg5 Qa5+ 14. Bd2 Qa6 15.
b4 Nb6 16. Rc1 Qa4 17. Qb2 Qb5 18. Nc5 Nd5 19. a4 Qb6 20. Qa3 g6 21. g4 Nh6 22.
gxh5 Nf5 23. h6 g5 24. Nxg5 Nxd4 25. Qd3 Nxb4 26. Qxd4 Bxc5 27. Qc4 Rd8 28. Rh3
Bxf2+ 29. Ke2 Rxd2+ 30. Kxd2 Rxh6 31. Qf4 f5 32. Rxh6 Qd8+ 33. Ke2 1-0

[Event "24th Dubai Open A 2024"]
[Site "Dubai UAE"]
[Date "2024.05.25"]
[Round "1.15"]
[White "Ahmad, Khagan"]
[Black "Can, Emre"]
[Result "0-1"]
[WhiteTitle "FM"]
[BlackTitle "GM"]
[WhiteElo "2375"]
[BlackElo "2549"]
[WhiteFideId "13431552"]
[BlackFideId "6302181"]
[EventDate "2024.05.25"]

1. Nf3 g6 2. d4 Bg7 3. e4 d6 4. c4 Bg4 5. Be2 Nc6 6. d5 Bxf3 7. Bxf3 Nd4 8. Nc3
c5 9. Be3 Qb6 10. O-O Nf6 11. Bxd4 cxd4 12. Na4 Qa5 13. a3 O-O 14. b4 Qc7 15.
Rc1 Rfc8 16. c5 dxc5 17. bxc5 h5 18. Qb3 Rab8 19. Qb4 Nd7 20. Qd2 Qd8 21. Be2 b5
22. cxb6 Nxb6 23. Nc5 Qd6 24. Na6 Ra8 25. Nb4 Rc3 26. Nc6 Qxa3 27. Ra1 Qd6 28.
Nxd4 Qc5 29. Rfd1 a5 30. Rab1 a4 31. Rxb6 Qxb6 32. Qxc3 a3 33. Bc4 a2 34. Bxa2
Rxa2 35. g3 Qa7 36. Kg2 Kh7 37. Qd3 Ra3 38. Qd2 Qa4 39. h4 Be5 40. Kh2 Ra2 41.
Qd3 Rxf2+ 42. Kg1 Qa2 43. Qe3 Rg2+ 44. Kf1 Rxg3 45. Qf2 Qc4+ 46. Qe2 Qc8 47. Qf2
Qh3+ 48. Ke1 Re3+ 49. Kd2 Bxd4 50. Qxf7+ Bg7 0-1

[Event "24th Dubai Open A 2024"]
[Site "Dubai UAE"]
[Date "2024.05.25"]
[Round "1.16"]
[White "Aronyak, Ghosh"]
[Black "Khripachenko, Alexander"]
[Result "1-0"]
[WhiteTitle "IM"]
[BlackTitle "FM"]
[WhiteElo "2528"]
[BlackElo "2371"]
[WhiteFideId "25072846"]
[BlackFideId "54184975"]
[EventDate "2024.05.25"]

1. c4 e6 2. Nc3 d5 3. d4 Be7 4. cxd5 exd5 5. Bf4 c6 6. Qc2 g6 7. e3 Bf5 8. Qd2
Nf6 9. f3 O-O 10. g4 Be6 11. Bd3 c5 12. Nge2 Nc6 13. h4 Rc8 14. h5 cxd4 15. exd4
Qb6 16. Be5 Nxe5 17. dxe5 Nxg4 18. fxg4 1-0

[Event "24th Dubai Open A 2024"]
[Site "Dubai UAE"]
[Date "2024.05.25"]
[Round "1.17"]
[White "Hossain, Enamul"]
[Black "Vignesh, N R"]
[Result "1/2-1/2"]
[WhiteTitle "GM"]
[BlackTitle "GM"]
[WhiteElo "2365"]
[BlackElo "2526"]
[WhiteFideId "10200649"]
[BlackFideId "25012215"]
[EventDate "2024.05.25"]

1. e4 e5 2. Nf3 Nc6 3. Bc4 Nf6 4. d3 Bc5 5. Bg5 h6 6. Bh4 Be7 7. Bg3 d6 8. a4
O-O 9. h3 Kh8 10. Nc3 Nh7 11. a5 a6 12. O-O f5 13. exf5 Bxf5 14. Nd5 Qd7 15. Re1
Rae8 16. b4 Nf6 17. Nxe7 Nxe7 18. Bb3 Nfd5 19. Qd2 1/2-1/2

[Event "24th Dubai Open A 2024"]
[Site "Dubai UAE"]
[Date "2024.05.25"]
[Round "1.18"]
[White "Ioannidis, Evgenios"]
[Black "Piliposyan, Robert"]
[Result "1/2-1/2"]
[WhiteTitle "GM"]
[BlackTitle "FM"]
[WhiteElo "2518"]
[BlackElo "2364"]
[WhiteFideId "4229274"]
[BlackFideId "13309978"]
[EventDate "2024.05.25"]

1. d4 Nf6 2. c4 e6 3. Nc3 Bb4 4. Qc2 d5 5. a3 Bxc3+ 6. Qxc3 O-O 7. e3 b6 8. cxd5
exd5 9. Bd3 Ba6 10. Bxa6 Nxa6 11. Qc6 Qe8 12. Qxe8 Rfxe8 13. f3 c5 14. Ne2 Nc7
15. Bd2 Nb5 16. Kf2 cxd4 17. exd4 Rac8 18. Rhc1 Nd6 19. b3 Rxc1 20. Rxc1 Rc8 21.
Nc3 h5 22. Ke2 Nf5 23. Kd3 Kf8 24. Bg5 Rc6 25. h3 Ne7 26. Rc2 a6 27. h4 Ke8 28.
Re2 Re6 29. Bxf6 gxf6 30. g4 hxg4 31. fxg4 Kf8 32. Rf2 Kg7 33. Ne2 Re4 34. Rf4
f5 35. g5 Kg6 36. Kd2 f6 37. gxf6 Kxf6 38. Ng3 Re6 39. Kd3 Rc6 40. Rf1 Rc8 41.
Nh5+ Kf7 42. Rg1 Rh8 43. Rg7+ Kf8 44. Rg5 Kf7 45. Ke3 Rh6 46. Kf4 Rh8 47. Kg3
Rh6 48. Kf4 Rh8 49. a4 a5 50. Kg3 Rh6 51. Kf4 Rh8 52. Ke5 Rh6 53. Kf4 Rh8 54.
Kf3 Rh7 55. Kg2 Rh8 56. Kh3 Rh6 57. Nf4 Rc6 58. h5 Rc3+ 59. Rg3 Rxg3+ 60. Kxg3
Kg7 61. Kh3 Nc6 62. Ne2 Kh6 63. Kh4 f4 64. Nxf4 Nxd4 65. Nxd5 Nxb3 66. Nxb6 Nc5
67. Kg4 Ne4 68. Nc4 Nc5 69. Nb2 Ne4 70. Nd3 Nf6+ 71. Kf5 Nd5 72. Ke5 1/2-1/2

[Event "24th Dubai Open A 2024"]
[Site "Dubai UAE"]
[Date "2024.05.25"]
[Round "1.19"]
[White "Mammadova, Gulnar"]
[Black "Dai, Changren"]
[Result "0-1"]
[WhiteTitle "IM"]
[BlackTitle "GM"]
[WhiteElo "2359"]
[BlackElo "2510"]
[WhiteFideId "13403508"]
[BlackFideId "8608156"]
[EventDate "2024.05.25"]

1. e4 c5 2. Nf3 d6 3. Bb5+ Nd7 4. O-O a6 5. Bd3 e6 6. Qe2 Ne7 7. c3 Ng6 8. Bc2
Be7 9. d4 b6 10. Be3 Bb7 11. Nbd2 Qc7 12. Rac1 O-O 13. Rfd1 Nf6 14. h3 b5 15. b4
Rac8 16. e5 dxe5 17. bxc5 exd4 18. cxd4 Nd5 19. Bxg6 hxg6 20. Ne5 b4 21. Ne4
Nxe3 22. Qxe3 Bd5 23. Nc4 Rb8 24. Qe2 a5 25. Nb6 Rfe8 26. Ra1 Qb7 27. f3 e5 28.
Nxd5 Qxd5 29. Rac1 exd4 30. Qc4 Red8 31. c6 Rbc8 32. Qa6 Qxa2 33. c7 Re8 34. Qb5
f5 35. Nf2 Bg5 36. Ra1 Qc2 37. Qd5+ Kh7 38. Rxd4 Rxc7 39. Rad1 Re2 40. Rf1 Qc5 0-1

[Event "24th Dubai Open A 2024"]
[Site "Dubai UAE"]
[Date "2024.05.25"]
[Round "1.20"]
[White "Pang, Tao"]
[Black "Xie, Felix"]
[Result "1-0"]
[WhiteTitle "IM"]
[BlackTitle "FM"]
[WhiteElo "2496"]
[BlackElo "2359"]
[WhiteFideId "8609950"]
[BlackFideId "4308174"]
[EventDate "2024.05.25"]

1. Nf3 Nf6 2. c4 g6 3. Nc3 Bg7 4. e4 e5 5. Nxe5 O-O 6. Nf3 Re8 7. d3 d5 8. cxd5
Nxd5 9. Bd2 Bg4 10. Be2 Bxf3 11. gxf3 Nb4 12. Be3 N8c6 13. h4 Nd4 14. Rc1 Qd7
15. a3 Na6 16. b4 c6 17. h5 Nc7 18. f4 a5 19. bxa5 Rxa5 20. a4 b5 21. axb5 cxb5
22. hxg6 hxg6 23. Bg4 f5 24. Ne2 Nce6 25. Nxd4 Nxd4 26. Bxd4 Qxd4 27. Qb3+ Kf8
28. O-O Ra7 29. Bf3 Bh6 30. Rc6 Rg7 31. e5 Rf7 32. Rxg6 Bxf4 33. Bh5 Ree7 34.
Rd6 Qxe5 35. Rd8+ Kg7 36. Bxf7 Rxf7 37. Qd5 Qe2 38. Rb1 Bc7 39. Qg2+ Kf6 40. Rg8
Qxd3 41. Qg6+ Ke5 42. Re1+ 1-0

[Event "24th Dubai Open A 2024"]
[Site "Dubai UAE"]
[Date "2024.05.25"]
[Round "1.21"]
[White "Liyanage, Ranindu Dilshan"]
[Black "Iniyan, Pa"]
[Result "1-0"]
[WhiteTitle "IM"]
[BlackTitle "GM"]
[WhiteElo "2352"]
[BlackElo "2493"]
[WhiteFideId "9915834"]
[BlackFideId "25002767"]
[EventDate "2024.05.25"]

1. e4 c5 2. Nf3 d6 3. Bb5+ Nd7 4. d4 cxd4 5. Qxd4 a6 6. Be2 Ngf6 7. O-O e5 8.
Qe3 Nc5 9. Nfd2 b5 10. c4 bxc4 11. Bxc4 Be7 12. Nc3 O-O 13. b4 Ne6 14. Nb3 Nf4
15. Rd1 Be6 16. Bf1 Qb8 17. Qe1 Re8 18. Ba3 Rc8 19. Rac1 h6 20. h3 Ra7 21. Kh2
Qa8 22. g3 Bxb3 23. axb3 Ne6 24. Bc4 Nd4 25. Qe3 Rac7 26. Qd3 Nb5 27. Bxb5 axb5
28. Bb2 Rxc3 29. Rxc3 Rxc3 30. Qxc3 Qxe4 31. Re1 Qf5 32. Kg2 Nd5 33. Qd2 e4 34.
Qe2 e3 35. fxe3 Qe4+ 36. Kh2 Nxb4 37. Qg4 Qxg4 38. hxg4 Nd3 39. Re2 Nc5 40. Bd4
Nxb3 41. Rb2 Nxd4 42. exd4 Bf6 43. Rb4 g6 44. Kg2 h5 45. gxh5 gxh5 46. Kf3 h4
47. gxh4 Bxh4 48. Kg4 Bf2 49. Kf5 Kf8 50. Ke4 Ke7 51. Kd5 f5 52. Rxb5 Kf6 53.
Rb6 Bg3 54. Rb3 Bf4 55. Rh3 Kg5 56. Ke6 Kg4 57. Rh8 Bg5 58. Kxd6 f4 59. Ke5 f3
60. Rf8 Bh6 61. Rf7 Kg3 62. Ke4 f2 63. Kd3 Bf4 64. Ke2 Bb8 65. Rf3+ Kg4 66. Rxf2
Ba7 67. Kd3 1-0

[Event "24th Dubai Open A 2024"]
[Site "Dubai UAE"]
[Date "2024.05.25"]
[Round "1.22"]
[White "Muthaiah, AL"]
[Black "Aliyev, Ravan"]
[Result "1/2-1/2"]
[WhiteTitle "IM"]
[BlackTitle "FM"]
[WhiteElo "2493"]
[BlackElo "2352"]
[WhiteFideId "5092442"]
[BlackFideId "13409980"]
[EventDate "2024.05.25"]

1. Nf3 Nf6 2. g3 d5 3. Bg2 Nbd7 4. d4 Nb6 5. a4 a5 6. Qd3 g6 7. Nc3 Bf5 8. Qb5+
c6 9. Qb3 Bg7 10. O-O O-O 11. Ne5 Nfd7 12. f4 Nxe5 13. fxe5 Ra6 14. Nd1 Qd7 15.
Nf2 Qc7 16. e4 Be6 17. Qf3 c5 18. c3 cxd4 19. cxd4 f6 20. exf6 Bxf6 21. Qd1 Bg7
22. e5 Raa8 23. b3 Rac8 24. Nd3 Rxf1+ 25. Bxf1 Bf5 26. Bd2 Na8 27. Rc1 Qb6 28.
Rxc8+ Bxc8 29. Be3 Nc7 30. Nc5 Qc6 31. Qc1 Bf5 32. Bd3 Bc8 33. Be2 Ne6 34. Nxe6
Qxc1+ 35. Bxc1 Bxe6 36. Ba3 Bh6 37. Kf2 Kf7 38. Bc5 Bf5 39. Ke1 Bc2 40. Bd1 Bd3
41. Be2 Bc2 42. Bd1 Bd3 43. Be2 1/2-1/2